Credit Agreements, Seminars 1993 (2) (b) / (Record no. 238)

MARC details
000 -LEADER
fixed length control field 00420nam a22001457a 4500
005 - DATE AND TIME OF INPUT
control field 20231102065354.0
008 - DATA ELEMENTS--GENERAL INFORMATION
fixed length control field 231102b |||||||| |||| 00| 0 eng d
041 ## - LANGUAGE CODE
Language code of text English
082 ## - SHELF NUMBER
DDC number 346.7 CRE
100 ## - MAIN AUTHOR
Main author's name Grove, N
Language of a work English
245 ## - TITLE STATEMENT
Title Credit Agreements, Seminars 1993 (2) (b) /
Statement of responsibility, etc. N Grove
300 ## - PHYSICAL DESCRIPTION
Other physical details 63 pages ;
Dimensions 31 cm.
650 ## - SUBJECT`
Broad subject Legal practice
Own subject terms Law
942 ## - ADDED ENTRY ELEMENTS (KOHA)
Item type Books
942 ## - ADDED ENTRY ELEMENTS (KOHA)
-- ALISON_BN_VRIES
Holdings
Source of classification or shelving scheme Not for loan Collection code Home library Current library Shelving location Date acquired Full call number Barcode Price effective from Koha item type
Dewey Decimal Classification   TEXT BOOKS LAW SOCIETY OF NAMIBIA LIBRARY - WINDHOEK LAW SOCIETY OF NAMIBIA LIBRARY - WINDHOEK INSOLVENCY AND INSURANCE 11/02/2023 346.7 CRE LSN/2009/12 11/02/2023 Books